Kyrgyz Republic : Second Review Under the Three-Year Arrangement Under the Poverty Reduction and Growth Facility-Staff Report; and Press Release on the Executive Board Consideration.

Economic activity in the Kyrgyz Republic has been buffeted by the political upheaval, and output growth has fallen short of expectations. The program builds on the country's entrenched fiscal prudence and features a tightening in monetary policy, so as to secure rapid sustained growth in a low-...

وصف كامل

التفاصيل البيبلوغرافية
مؤلف مشترك: International Monetary Fund
التنسيق: دورية
اللغة:English
منشور في: Washington, D.C. : International Monetary Fund, 2006.
سلاسل:IMF Staff Country Reports; Country Report ; No. 2006/235
الوصول للمادة أونلاين:Full text available on IMF
LEADER 01778cas a2200241 a 4500
001 AALejournalIMF004285
008 230101c9999 xx r poo 0 0eng d
020 |c 5.00 USD 
020 |z 9781451821505 
022 |a 1934-7685 
040 |a BD-DhAAL  |c BD-DhAAL 
110 2 |a International Monetary Fund. 
245 1 0 |a Kyrgyz Republic :   |b Second Review Under the Three-Year Arrangement Under the Poverty Reduction and Growth Facility-Staff Report; and Press Release on the Executive Board Consideration. 
264 1 |a Washington, D.C. :  |b International Monetary Fund,  |c 2006. 
300 |a 1 online resource (77 pages) 
490 1 |a IMF Staff Country Reports 
500 |a <strong>Off-Campus Access:</strong> No User ID or Password Required 
500 |a <strong>On-Campus Access:</strong> No User ID or Password Required 
506 |a Electronic access restricted to authorized BRAC University faculty, staff and students 
520 3 |a Economic activity in the Kyrgyz Republic has been buffeted by the political upheaval, and output growth has fallen short of expectations. The program builds on the country's entrenched fiscal prudence and features a tightening in monetary policy, so as to secure rapid sustained growth in a low-inflation environment. Structural reforms under the program will focus on financial sector development, public financial management, further measures to reduce the energy sector's quasifiscal losses, and improvements in the business climate. The main immediate risks to the outlook come from political pressures. 
538 |a Mode of access: Internet 
830 0 |a IMF Staff Country Reports; Country Report ;  |v No. 2006/235 
856 4 0 |z Full text available on IMF  |u http://elibrary.imf.org/view/journals/002/2006/235/002.2006.issue-235-en.xml  |z IMF e-Library